Royal Tropical Institute annual report - 2008 (Record no. 3814)

MARC details
000 -LEADER
fixed length control field 00448nam a2200145 4500
008 - FIXED-LENGTH DATA ELEMENTS--GENERAL INFORMATION
fixed length control field 231008b |||||||| |||| 00| 0 eng d
080 ## - UNIVERSAL DECIMAL CLASSIFICATION NUMBER
Classification Number 006
Call Number ROY
942 ## - ADDED ENTRY ELEMENTS (KOHA)
Item Type Reports
110 ## - MAIN ENTRY--CORPORATE NAME
Corporate Name Royal Tropical Institute
245 ## - TITLE STATEMENT
Title Royal Tropical Institute annual report - 2008
260 ## - PUBLICATION, DISTRIBUTION, ETC. (IMPRINT)
Place of Publication Amsterdam:
Name of Publisher Royal Tropical Institute,
Date of Copyright 2008
300 ## - PHYSICAL DESCRIPTION
Extent 52 p.
856 ## - ELECTRONIC LOCATION AND ACCESS
Uniform Resource Identifier <a href="http://www.bibalex.org/search4dev/files/277794/109588.pdf">http://www.bibalex.org/search4dev/files/277794/109588.pdf</a>
650 ## - SUBJECT ADDED ENTRY--TOPICAL TERM
Topical Term TROPICS-Annual reports
Holdings
Withdrawn status Lost status Source of classification or shelving scheme Damaged status Not for loan Permanent location Current location Date acquired Total Checkouts Full call number Barcode Date last seen Price effective from Koha item type
    Dewey Decimal Classification     Resource center, Muslim Women's Research And Action Forum Resource center, Muslim Women's Research And Action Forum 2023-10-08   06 ROY RAF1665 2023-10-08 2023-10-08 Reports

Copyright © 2023 Muslim Women's Research and Action Forum (MWRAF), No 27/3, Anderson Road, Kalubowila, Dehiwela. Funded by The Asia Fundation